| 000 | 01395nam a2200313 4500 | ||
|---|---|---|---|
| 001 | 442 | ||
| 003 | OSt | ||
| 005 | 20250701084513.0 | ||
| 008 | 250701b |||||||g |||| 00| j eng d | ||
| 020 | _a9788516095772 | ||
| 040 | _bpor | ||
| 041 | _apor | ||
| 082 |
_a028.5 _bB214p |
||
| 100 | 1 |
_aBandeira, Pedro _d1942- _9977 |
|
| 245 |
_aPântano de Sangue: _bMais uma aventura com os Karas! / _cBandeira, Pedro ; Ilustrações de Hector Gomes |
||
| 250 | _a4 ed. | ||
| 260 |
_aSão Paulo _bModerna _c2013 |
||
| 300 |
_a192 p. _bil. |
||
| 520 | _aO crime organizado ronda o Pantanal! Miguel, Crânio, Calu, Magrí e Chumbinho envolvem-se com o crime organizado que está agindo no Pantanal de Mato Grosso, liderado pelo misterioso e implacável Ente. Em um enredo fascinante, repleto de suspense do começo ao fim, discute-se a dramática destruição dos jacarés, dos índios e da natureza em um dos últimos lugares do mundo que ainda poderia ser chamado de Paraíso Terrestre. Crânio, o geninho dos Karas, é quem terá de arrastar os amigos em sua mais perigosa missão! | ||
| 650 | 0 |
_aLiteratura Brasileira _9205 |
|
| 650 | 0 |
_aInfantojuvenil _9200 |
|
| 650 | 0 |
_aAventura _947 |
|
| 650 | 0 |
_aCrime e Investigação _913 |
|
| 655 | 0 |
_aRomance _923 |
|
| 655 | 0 |
_aFicção _922 |
|
| 700 |
_aHector Gomes _eILUSTRADOR _9978 |
||
| 830 |
_aOs Karas _9979 _vvol. 02 |
||
| 942 |
_2ddc _n0 _cBK |
||
| 999 |
_c442 _d442 |
||